Evaluation and comparison of theoretical and experimental stresses acting on the horizontal stabilizer of an F-6 aircraft (Record no. 325626)

000 -LEADER
fixed length control field 00456 a2200133 4500
001 - CONTROL NUMBER
control field 90553
082 ## - DEWEY DECIMAL CLASSIFICATION NUMBER
Classification number PR 965
090 ## - LOCALLY ASSIGNED LC-TYPE CALL NUMBER (OCLC); LOCAL CALL NUMBER (RLIN)
-- 42888
-- 42888
100 ## - MAIN ENTRY--PERSONAL NAME
Personal name Hassan Saleh; Abdul Sattar Chandio, advisors
245 ## - TITLE STATEMENT
Title Evaluation and comparison of theoretical and experimental stresses acting on the horizontal stabilizer of an F-6 aircraft
Number of part/section of a work G-28
260 ## - PUBLICATION, DISTRIBUTION, ETC.
Place of publication, distribution, etc. Karachi
Name of publisher, distributor, etc. NED University
Date of publication, distribution, etc. 1988
300 ## - PHYSICAL DESCRIPTION
Extent xi, 145 p.
Other physical details hand written
500 ## - GENERAL NOTE
General note BE Project Reports
942 ## - ADDED ENTRY ELEMENTS (KOHA)
Institution code [OBSOLETE] CAE NUST
Call number prefix PR 965
Holdings
Withdrawn status Lost status Damaged status Not for loan Collection code Permanent Location Current Location Date acquired Total Checkouts Full call number Barcode Date last seen Price effective from Koha item type
          College of Aeronautical Engineering (CAE) College of Aeronautical Engineering (CAE) 04/03/2017   PR 965 CAEPR-965 04/05/2017 04/05/2017 Book
© 2023 Central Library, National University of Sciences and Technology. All Rights Reserved.